000 00568nam a22001817a 4500
008 130821s1941 xxu gr eng
040 _aCo-BoUCM
_bspa
041 0 0 _aeng
100 _aLees, Hannah
_9149745
245 0 0 _aWoman will be doctors
_cHannah Lees
260 _aNueva York (Estados Unidos)
_bTriangle Books
_c1941
300 _a271 páginas
600 _aCastro Silva
_9563
650 0 4 _aLiteratura estadounidense
_918653
650 0 4 _aNovela estadounidense
_920501
942 _cLIBRO
_a18
_e1
_mL33
_n0
_2DEWEY
_h813
999 _c86055
_d86055